| 000 | 00507nam a22001937a 4500 | ||
|---|---|---|---|
| 003 | OSt | ||
| 005 | 20170310144106.0 | ||
| 008 | 170310b xxu||||| |||| 00| 0 eng d | ||
| 020 | _a0521594162 | ||
| 040 | _cDDC. | ||
| 082 | _a531.11CHU 2002. | ||
| 100 |
_aChung,T.J; _911813 |
||
| 245 | _aComputational Fluid Dynamics. | ||
| 260 |
_aCambridge; _bCambridge University Press. _c2002. |
||
| 300 |
_axxiii,1012p; _bill; _c26cm. |
||
| 504 | _aincludes index. | ||
| 650 |
_aPhysics. _9809 |
||
| 942 |
_2ddc _cO_SHELF |
||
| 999 |
_c5665 _d5665 |
||